| 000 | 005470000a22002050004500 | ||
|---|---|---|---|
| 999 |
_c47379 _d47379 |
||
| 001 | 121 | ||
| 003 | CO-MdFUSB | ||
| 005 | 20170830180022.0 | ||
| 008 | 170830b xxu||||| |||| 00| 0 eng d | ||
| 020 | _a0-590-46342-X | ||
| 040 | _cCO-MdBIC | ||
| 082 | 0 | 4 | _a868H C67ai |
| 100 | 1 | _aCole, Joanna | |
| 245 | 1 | 0 | _aAutobús Mágico / Joana Cole, il. : Bruce Degen, Traduccion Paz Barroso |
| 260 | _aNew York : Scholastic | ||
| 300 | _a[ 38 P. ] | ||
| 500 | _aContraportada : Coleccíon de rocas | ||
| 650 | 1 | 4 | _aLiteratura Infantil |
| 942 | _cLGB | ||